| 000 | 00721cam a22002292 4500 | ||
|---|---|---|---|
| 001 | 0000000276 | ||
| 005 | 20151021151043.0 | ||
| 008 | 070119s xx 000 0 eng d | ||
| 020 |
_a0673319586 : _cKES 2,500 |
||
| 040 |
_aKABU _cKABU |
||
| 050 | 0 |
_aQA76.73 _b.J38L46 2000 |
|
| 100 | 1 |
_aLemay, Laura. _@0000148374 |
|
| 245 | 1 | 0 |
_aSams teach yourself Java 2 in 21 days / _cLaura Lemay, Rogers Cadenhead. |
| 250 | _a2nd ed. | ||
| 260 |
_aNew Delhi : _bTechmedia, _c2000. |
||
| 300 | _axvii, 650 p. | ||
| 650 | 0 |
_aJava (Computer program language) _@0000148169 |
|
| 700 | 1 |
_aCadenhead, Rogers. _@0000148375 |
|
| 908 | _a070119 | ||
| 950 | _@1 | ||
| 999 |
_c136 _d136 |
||